US State Capitals Click Quiz - Statistics

General Stats
  • This quiz has been taken 302 times
  • The average score is 36 of 50
Answer Stats
Hint Answer % Correct
Austin Texas
88%
Indianapolis Indiana
86%
Oklahoma City Oklahoma
86%
Phoenix Arizona
85%
Honolulu Hawaii
85%
Nashville Tennessee
85%
Sacramento California
84%
Denver Colorado
84%
Atlanta Georgia
84%
Boston Massachusetts
84%
Albany New York
84%
Tallahassee Florida
82%
Santa Fe New Mexico
82%
Salt Lake City Utah
81%
Juneau Alaska
80%
Boise Idaho
80%
Columbus Ohio
78%
Little Rock Arkansas
77%
Baton Rouge Louisiana
77%
Des Moines Iowa
74%
Providence Rhode Island
74%
Richmond Virginia
74%
Olympia Washington
74%
Jackson Mississippi
73%
Lincoln Nebraska
73%
Montgomery Alabama
72%
Raleigh North Carolina
72%
Salem Oregon
71%
Bismarck North Dakota
70%
Springfield Illinois
69%
Hartford Connecticut
68%
Saint Paul Minnesota
68%
Carson City Nevada
68%
Trenton New Jersey
68%
Harrisburg Pennsylvania
68%
Topeka Kansas
67%
Cheyenne Wyoming
67%
Dover Delaware
66%
Frankfort Kentucky
66%
Helena Montana
66%
Augusta Maine
64%
Annapolis Maryland
64%
Lansing Michigan
64%
Jefferson City Missouri
63%
Montpelier Vermont
63%
Madison Wisconsin
63%
Concord New Hampshire
57%
Charleston West Virginia
56%
Columbia South Carolina
55%
Pierre South Dakota
55%
No matching quizzes found
Score Distribution
Percent of People with Each Score
Percentile by Number Answered
Your Score History
You have not taken this quiz